[Event "LLO 2017/18"]
[Site "Mecklenburg-Vorpommern"]
[Date "2017.11.26"]
[Round "3.8"]
[White "Klinger, Clemens"]
[Black "Reimer, Karl"]
[Result "0-1"]
[WhiteElo "1582"]
[BlackElo "1611"]
[PlyCount "60"]
[EventDate "2017.??.??"]
[EventType "team-tourn"]
[EventRounds "9"]
[SourceDate "2017.10.08"]
[WhiteTeam "FHSG Stralsund II"]
[BlackTeam "SV Motor Wolgast"]

1. e4 c5 2. Nf3 Nc6 3. d4 cxd4 4. Nxd4 Nf6 5. Nxc6 bxc6 6. e5 Qa5+ 7. Bd2 Qxe5+
8. Be2 Ba6 9. Nc3 Bxe2 10. Qxe2 Qxe2+ 11. Nxe2 e5 12. O-O Bc5 13. b4 Bb6 14. c4
d5 15. c5 Bc7 16. Ng3 O-O 17. Nf5 Rfe8 18. f3 Re6 19. a4 a6 20. Rab1 h6 21. b5
axb5 22. axb5 cxb5 23. Rxb5 d4 24. Rb7 Nd5 25. Rc1 Ra2 26. Rd1 Rc6 27. Bb4 Kh7
28. Rxd4 exd4 29. Nxd4 Rca6 30. Nb5 Rb2 0-1

[Event "LLO 2017/18"]
[Site "Mecklenburg-Vorpommern"]
[Date "2017.11.26"]
[Round "3.1"]
[White "Voelschow, Siegfried"]
[Black "Kilp, Andreas"]
[Result "1/2-1/2"]
[WhiteElo "1874"]
[BlackElo "1701"]
[PlyCount "88"]
[EventDate "2017.??.??"]
[EventType "team-tourn"]
[EventRounds "9"]
[SourceDate "2017.10.08"]
[WhiteTeam "Waterkant Saal"]
[BlackTeam "SAV Torgelow II"]

1. e4 e5 2. Nf3 Nc6 3. Bc4 Be7 4. d4 exd4 5. Nxd4 Bf6 6. Nxc6 bxc6 7. O-O Ne7
8. f4 d6 9. e5 dxe5 10. Qxd8+ Kxd8 11. Bxf7 Nd5 12. fxe5 Bxe5 13. Bg5+ Nf6 14.
Nc3 Ba6 15. Rf5 Bd4+ 16. Kh1 Kc8 17. Bxf6 Bxf6 18. Ne4 Bd4 19. Rd1 Bb6 20. c4
Be3 21. Rf3 Bb6 22. c5 Be2 23. Be6+ Kb8 24. Rdd3 Bxd3 25. Rxd3 Re8 26. cxb6
Rxe6 27. b7 Rxe4 28. bxa8=Q+ Kxa8 29. h3 Re7 30. Rb3 Rf7 31. Kh2 h6 32. g4 c5
33. Kg3 Rf6 34. Rc3 Rc6 35. Kf4 Kb7 36. Kf5 g6+ 37. Ke4 h5 38. g5 Kb6 39. Rf3
a5 40. Rf6 a4 41. Ke5 Rd6 42. Rxd6+ cxd6+ 43. Kxd6 Kb5 44. Kd5 h4 1/2-1/2

[Event "LLO 2017/18"]
[Site "Mecklenburg-Vorpommern"]
[Date "2017.11.26"]
[Round "3.2"]
[White "Kilp, Gunnar"]
[Black "Schwarz, Eckhard"]
[Result "1/2-1/2"]
[WhiteElo "1685"]
[BlackElo "1844"]
[PlyCount "78"]
[EventDate "2017.??.??"]
[EventType "team-tourn"]
[EventRounds "9"]
[SourceDate "2017.10.08"]
[WhiteTeam "SAV Torgelow II"]
[BlackTeam "Waterkant Saal"]

1. d4 g6 2. Nf3 Bg7 3. Bf4 d6 4. e3 Nd7 5. c3 Ngf6 6. Nbd2 O-O 7. Bc4 c5 8. O-O
Qb6 9. Qb3 Qxb3 10. Bxb3 h6 11. h3 g5 12. Bh2 b6 13. e4 g4 14. hxg4 Nxg4 15.
Bg3 Bb7 16. Rfe1 cxd4 17. Nxd4 Nc5 18. f3 Nxb3 19. N2xb3 Ne5 20. Nf5 Rac8 21.
Nxg7 Kxg7 22. Bxe5+ dxe5 23. Rad1 Rfd8 24. Kf2 Rd6 25. Ke3 Rcd8 26. Rxd6 Rxd6
27. Re2 Ba6 28. Rd2 Bf1 29. g3 Rxd2 30. Nxd2 Bb5 31. c4 Bc6 32. b4 a6 33. Nb1
Kf6 34. Nc3 Ke6 35. Nd5 Bxd5 36. exd5+ Kd6 37. a4 f5 38. g4 e6 39. gxf5 exf5
1/2-1/2

[Event "LLO 2017/18"]
[Site "Mecklenburg-Vorpommern"]
[Date "2017.11.26"]
[Round "3.3"]
[White "Wiese, Frank"]
[Black "Kasel, Alexander"]
[Result "1-0"]
[WhiteElo "1903"]
[BlackElo "1668"]
[PlyCount "49"]
[EventDate "2017.??.??"]
[EventType "team-tourn"]
[EventRounds "9"]
[SourceDate "2017.10.08"]
[WhiteTeam "Waterkant Saal"]
[BlackTeam "SAV Torgelow II"]

1. d4 Nf6 2. c4 e6 3. Nc3 Bb4 4. e3 Bxc3+ 5. bxc3 c5 6. Bd3 Nc6 7. Ne2 d6 8.
Ng3 e5 9. d5 Na5 10. O-O O-O 11. e4 Re8 12. h3 b6 13. Qe2 h6 14. Re1 Bd7 15.
Nf1 Qc7 16. Qf3 a6 17. Bxh6 Nxe4 18. Rxe4 gxh6 19. Qf6 Qd8 20. Qxh6 Bf5 21.
Rg4+ Bxg4 22. Bh7+ Kh8 23. Bg6+ Kg8 24. Qh7+ Kf8 25. Qxf7# 1-0

[Event "LLO 2017/18"]
[Site "Mecklenburg-Vorpommern"]
[Date "2017.11.26"]
[Round "3.4"]
[White "Grossmann, Piet"]
[Black "Onasch, Gunnar"]
[Result "1/2-1/2"]
[WhiteElo "1654"]
[BlackElo "1804"]
[PlyCount "98"]
[EventDate "2017.??.??"]
[EventType "team-tourn"]
[EventRounds "9"]
[SourceDate "2017.10.08"]
[WhiteTeam "SAV Torgelow II"]
[BlackTeam "Waterkant Saal"]

1. e4 c5 2. c3 Nc6 3. d4 d6 4. dxc5 dxc5 5. Qxd8+ Nxd8 6. Be3 e5 7. Bb5+ Nc6 8.
Bxc6+ bxc6 9. Nd2 Ba6 10. c4 Rb8 11. b3 Bd6 12. Ne2 Nf6 13. f3 O-O 14. Kf2 Nd7
15. g4 g6 16. Bh6 Rfd8 17. Nf1 Nf8 18. Bxf8 Bxf8 19. h4 Rd6 20. Ne3 Rbd8 21.
Rhd1 Bc8 22. Rxd6 Rxd6 23. Rd1 Rxd1 24. Nxd1 f5 25. g5 Be7 26. Nb2 h6 27. Nd3
hxg5 28. hxg5 Bxg5 29. Nxe5 Kg7 30. Nxc6 fxe4 31. fxe4 a6 32. Nc3 Bb7 33. Nb8
Be7 34. Nd7 Bc8 35. Nb6 Be6 36. Nbd5 Bd6 37. Kf3 g5 38. Kg2 Kg6 39. Ne2 Kh5 40.
Nf6+ Kh6 41. Ng1 g4 42. Ne2 Bf7 43. Nd5 Bg6 44. Nec3 Be5 45. a3 Kg5 46. b4 cxb4
47. axb4 Be8 48. c5 Bd7 49. Ne2 Bb5 1/2-1/2

[Event "LLO 2017/18"]
[Site "Mecklenburg-Vorpommern"]
[Date "2017.11.26"]
[Round "3.5"]
[White "Richter, Frank"]
[Black "Schmekel, Felix"]
[Result "1-0"]
[WhiteElo "1711"]
[BlackElo "1636"]
[PlyCount "63"]
[EventDate "2017.??.??"]
[EventType "team-tourn"]
[EventRounds "9"]
[SourceDate "2017.10.08"]
[WhiteTeam "Waterkant Saal"]
[BlackTeam "SAV Torgelow II"]

1. d4 g6 2. g3 Bg7 3. Bg2 d6 4. e4 Nd7 5. Ne2 c5 6. c3 Qc7 7. O-O Ngf6 8. h3
O-O 9. Be3 Rb8 10. Nd2 b6 11. Rc1 Ba6 12. Re1 Rfc8 13. Nf1 Ne8 14. Nf4 Nef6 15.
Nd5 Nxd5 16. exd5 Nf6 17. b3 c4 18. Bg5 h6 19. Bxf6 Bxf6 20. Ne3 Qd7 21. Ng4
Bg7 22. f4 Rc7 23. Re3 Rbc8 24. b4 Bb7 25. a4 a6 26. Qc2 Rb8 27. Rce1 Qd8 28.
f5 g5 29. f6 exf6 30. Qf5 Qd7 31. Nxf6+ Bxf6 32. Qxf6 1-0

[Event "LLO 2017/18"]
[Site "Mecklenburg-Vorpommern"]
[Date "2017.11.26"]
[Round "3.6"]
[White "Schmekel, Matthias"]
[Black "Nickel, Reimo"]
[Result "0-1"]
[WhiteElo "1638"]
[BlackElo "1693"]
[PlyCount "106"]
[EventDate "2017.??.??"]
[EventType "team-tourn"]
[EventRounds "9"]
[SourceDate "2017.10.08"]
[WhiteTeam "SAV Torgelow II"]
[BlackTeam "Waterkant Saal"]

1. e4 e5 2. Nf3 Nc6 3. d4 exd4 4. Nxd4 Nxd4 5. Qxd4 Qf6 6. Qc4 Qb6 7. Be3 Qb4+
8. Nc3 Qxc4 9. Bxc4 Bb4 10. Bd2 c6 11. O-O Ne7 12. a3 Bxc3 13. Bxc3 O-O 14.
Rad1 Ng6 15. g3 Re8 16. f3 b6 17. Rd6 Ne5 18. Ba2 Re7 19. f4 Ng6 20. e5 Nf8 21.
f5 Re8 22. Rf4 Re7 23. f6 gxf6 24. Rdxf6 Ne6 25. Rg4+ Kf8 26. Bd2 Re8 27. Rh6
Nc5 28. Rxh7 d5 29. Bh6+ Ke7 30. Bg5+ Ke6 31. b4 Ne4 32. Rxe4 Kf5 33. Rf4+ Kxg5
34. h4+ Kg6 35. Rfxf7 Rxe5 36. Rxa7 Rxa7 37. Rxa7 Re3 38. Kf2 Rc3 39. Bb3 Bf5
40. Ra6 Bxc2 41. Bxc2+ Rxc2+ 42. Kf3 b5 43. a4 bxa4 44. b5 Kf5 45. Rxc6 Rxc6
46. bxc6 Ke6 47. c7 Kd7 48. c8=Q+ Kxc8 49. Ke3 a3 50. Kd4 a2 51. Kxd5 a1=Q 52.
Ke4 Qf6 53. h5 Qg5 0-1

[Event "LLO 2017/18"]
[Site "Mecklenburg-Vorpommern"]
[Date "2017.11.26"]
[Round "3.7"]
[White "Ehmann, Roland"]
[Black "Schmidt, Paul"]
[Result "1-0"]
[WhiteElo "1599"]
[BlackElo "1590"]
[PlyCount "121"]
[EventDate "2017.??.??"]
[EventType "team-tourn"]
[EventRounds "9"]
[SourceDate "2017.10.08"]
[WhiteTeam "Waterkant Saal"]
[BlackTeam "SAV Torgelow II"]

1. d4 Nf6 2. Nf3 g6 3. g3 c5 4. c3 Bg7 5. Bg2 O-O 6. O-O Qb6 7. e3 d6 8. Nbd2
Nbd7 9. Qb3 Qc7 10. a4 e5 11. dxe5 Nxe5 12. Nxe5 dxe5 13. Ne4 Rb8 14. Nxf6+
Bxf6 15. Bd5 Rd8 16. e4 b6 17. f4 Ba6 18. c4 Bb7 19. fxe5 Qxe5 20. Qf3 Bxd5 21.
exd5 Kg7 22. Qxf6+ Qxf6 23. Bh6+ Kxh6 24. Rxf6 Kg7 25. Raf1 Rd7 26. R1f3 Re8
27. Kg2 Re2+ 28. Rf2 Rxb2 29. Rxf7+ Rxf7 30. Rxb2 Re7 31. Kf3 Kf6 32. Rd2 Kf5
33. h4 g5 34. g4+ Kg6 35. d6 Re8 36. d7 Rd8 37. Rd6+ Kf7 38. hxg5 Ke7 39. Rh6
Rf8+ 40. Ke4 Kxd7 41. Rxh7+ Ke6 42. Rxa7 Rf1 43. Ra6 Re1+ 44. Kf3 Rf1+ 45. Kg2
Rc1 46. Rxb6+ Ke5 47. g6 Rxc4 48. Kg3 Rxa4 49. Kh4 Ra8 50. Rc6 Kd5 51. Rc7 Kd6
52. Rf7 c4 53. g7 Rg8 54. Kg5 c3 55. Kg6 c2 56. Rf1 Rc8 57. Rc1 Ke6 58. Rxc2
Rxc2 59. g8=Q+ Ke5 60. Qe8+ Kf4 61. Qa4+ 1-0

[Event "LLO 2017/18"]
[Site "Mecklenburg-Vorpommern"]
[Date "2017.11.26"]
[Round "3.8"]
[White "Greinert, Timo"]
[Black "Nickel, Udo"]
[Result "1-0"]
[WhiteElo "1780"]
[BlackElo "1600"]
[PlyCount "92"]
[EventDate "2017.??.??"]
[EventType "team-tourn"]
[EventRounds "9"]
[SourceDate "2017.10.08"]
[WhiteTeam "SAV Torgelow II"]
[BlackTeam "Waterkant Saal"]

1. c4 e6 2. Nc3 d5 3. cxd5 exd5 4. d4 Nf6 5. Bg5 Bb4 6. e3 O-O 7. Bd3 h6 8. Bh4
a6 9. Qb3 Nc6 10. Bxf6 Bxc3+ 11. bxc3 gxf6 12. Ne2 b5 13. a4 Ne7 14. axb5 Rb8
15. Qa4 axb5 16. Bxb5 Bf5 17. Nf4 Qd6 18. Bd3 Ra8 19. Qd1 Qc6 20. O-O Rxa1 21.
Qxa1 Ra8 22. Qb1 Bxd3 23. Qxd3 Ra3 24. Rc1 f5 25. g3 Kg7 26. Kg2 Qb6 27. Qc2
Rb3 28. Nd3 Qb5 29. h3 Kf6 30. g4 c6 31. Kg3 Qb8+ 32. f4 Rb6 33. Ne5 Qb7 34. h4
Rb2 35. g5+ hxg5 36. hxg5+ Kg7 37. Qd1 Ng6 38. Qh5 Nxe5 39. Qh6+ Kg8 40. dxe5
Qb6 41. Kf3 Qa5 42. c4 dxc4 43. Rd1 Qd5+ 44. Rxd5 cxd5 45. g6 fxg6 46. Qxg6+
Kh8 1-0

[Event "LLO 2017/18"]
[Site "Mecklenburg-Vorpommern"]
[Date "2017.11.26"]
[Round "3.1"]
[White "Luethke, Hans Eckart"]
[Black "Eckermann, Klaus"]
[Result "1-0"]
[WhiteElo "2091"]
[BlackElo "1749"]
[PlyCount "120"]
[EventDate "2017.??.??"]
[EventType "team-tourn"]
[EventRounds "9"]
[SourceDate "2017.10.08"]
[WhiteTeam "SSC Graal-Mueritz"]
[BlackTeam "Ribnitz-Damgarten"]

1. Nf3 Nf6 2. c4 g6 3. Nc3 Bg7 4. d4 O-O 5. Bg5 d6 6. e3 Nbd7 7. Be2 e5 8. O-O
c6 9. dxe5 dxe5 10. Qd6 Re8 11. Rfd1 Re6 12. Qd2 Qc7 13. e4 Re8 14. Qd6 Qxd6
15. Rxd6 h6 16. Bh4 g5 17. Bg3 Nh5 18. Rad1 Nxg3 19. hxg3 Nf8 20. Rd8 Bg4 21.
Rxa8 Rxa8 22. Ne1 Bxe2 23. Nxe2 Bf6 24. Nc2 Rd8 25. Rxd8 Bxd8 26. Ne3 b6 27.
Ng4 f6 28. Nxh6+ Kg7 29. Nf5+ Kf7 30. Nc3 Bc7 31. Kf1 Ne6 32. Ke1 Nd4 33. g4
Ke6 34. Ne2 Nxf5 35. gxf5+ Kd6 36. b4 a5 37. a3 Ke7 38. Nc1 Bd6 39. Nd3 axb4
40. axb4 Kd7 41. f3 Ke7 42. Kf2 Kf7 43. Kg3 Kg7 44. Kg4 Kh6 45. b5 cxb5 46.
cxb5 Ba3 47. g3 Bd6 48. Nb2 Bb4 49. Nc4 Bc5 50. f4 gxf4 51. gxf4 exf4 52. Kxf4
Kg7 53. e5 fxe5+ 54. Kxe5 Kf7 55. Nd6+ Ke7 56. Ne4 Ba3 57. f6+ Kd7 58. Kf5 Bf8
59. Ng5 Ba3 60. Nf7 Bb2 1-0

[Event "LLO 2017/18"]
[Site "Mecklenburg-Vorpommern"]
[Date "2017.11.26"]
[Round "3.2"]
[White "Floegel, Thomas"]
[Black "Van Bentum, Horst"]
[Result "1/2-1/2"]
[WhiteElo "1685"]
[BlackElo "1915"]
[PlyCount "47"]
[EventDate "2017.??.??"]
[EventType "team-tourn"]
[EventRounds "9"]
[SourceDate "2017.10.08"]
[WhiteTeam "Ribnitz-Damgarten"]
[BlackTeam "SSC Graal-Mueritz"]

1. d4 Nf6 2. c4 e6 3. Nf3 Bb4+ 4. Nbd2 O-O 5. e3 b6 6. a3 Bxd2+ 7. Bxd2 Bb7 8.
Be2 d6 9. O-O Nbd7 10. b4 Ne4 11. Qc2 Qe7 12. Bc1 a5 13. Nd2 f5 14. f3 Nxd2 15.
Bxd2 axb4 16. axb4 Rfb8 17. Bd3 g6 18. e4 Qf8 19. exf5 exf5 20. Rfe1 Rxa1 21.
Rxa1 Ra8 22. Qc1 Rxa1 23. Qxa1 Qa8 24. Qxa8+ 1/2-1/2

[Event "LLO 2017/18"]
[Site "Mecklenburg-Vorpommern"]
[Date "2017.11.26"]
[Round "3.3"]
[White "Simcaks, Sergejs"]
[Black "Dittschlag, Lothar"]
[Result "1-0"]
[WhiteElo "1832"]
[BlackElo "1646"]
[PlyCount "86"]
[EventDate "2017.??.??"]
[EventType "team-tourn"]
[EventRounds "9"]
[SourceDate "2017.10.08"]
[WhiteTeam "SSC Graal-Mueritz"]
[BlackTeam "Ribnitz-Damgarten"]

1. e4 e5 2. Nf3 Nc6 3. Bc4 Bc5 4. b4 Bxb4 5. c3 Be7 6. d4 Bf6 7. dxe5 Nxe5 8.
Nxe5 Bxe5 9. Bxf7+ Kf8 10. Bb3 Qf6 11. O-O Ne7 12. Qd3 Bf4 13. Bb2 Nc6 14. g3
Bd6 15. Qd5 Ne7 16. Qh5 Qg6 17. Qe2 Nc6 18. Nd2 Bc5 19. e5 Na5 20. Bd5 c6 21.
Bf3 h5 22. Ne4 Be7 23. Rad1 b5 24. Nd6 Ba6 25. Be4 Qg4 26. f3 Qe6 27. Bf5 Qh6
28. Bxd7 Rd8 29. Qe4 g6 30. Bc1 Qg7 31. Qf4+ Kg8 32. Be6+ Kh7 33. Nf7 Rxd1 34.
Rxd1 Bc8 35. Bxc8 Rxc8 36. Rd7 Re8 37. Rxa7 Bc5+ 38. Be3 Bxa7 39. Bxa7 Re7 40.
Ng5+ Kg8 41. Bd4 Re8 42. e6 Qf8 43. Qe5 Qh6 1-0

[Event "LLO 2017/18"]
[Site "Mecklenburg-Vorpommern"]
[Date "2017.11.26"]
[Round "3.4"]
[White "Morejko, Wojciech"]
[Black "Laser, Dirk"]
[Result "0-1"]
[WhiteElo "1608"]
[BlackElo "1797"]
[PlyCount "92"]
[EventDate "2017.??.??"]
[EventType "team-tourn"]
[EventRounds "9"]
[SourceDate "2017.10.08"]
[WhiteTeam "Ribnitz-Damgarten"]
[BlackTeam "SSC Graal-Mueritz"]

1. c4 d6 2. g3 g6 3. Bg2 Bg7 4. d4 Nf6 5. Nc3 O-O 6. Nf3 c5 7. O-O Nc6 8. d5
Na5 9. Qd3 Rb8 10. e4 a6 11. b3 Nxe4 12. Bb2 Nxc3 13. Bxc3 Bf5 14. Qd2 Bxc3 15.
Qxc3 b5 16. cxb5 axb5 17. Rfe1 Re8 18. Rad1 Bg4 19. Re3 b4 20. Qd3 Qc7 21. Rde1
Rb7 22. Nd2 Ra7 23. h3 Bc8 24. Qe2 Ba6 25. Nc4 Bxc4 26. bxc4 Rb7 27. h4 Qb6 28.
h5 b3 29. axb3 Nxb3 30. hxg6 hxg6 31. Qg4 Nd4 32. Be4 Kg7 33. Bd3 Qd8 34. f4
Qd7 35. Qxd7 Rxd7 36. Kf2 Rb7 37. g4 Rb2+ 38. Kg3 Rh8 39. Be2 Nc2 40. Bf1 Nxe1
41. Rxe1 Rb3+ 42. Kf2 Rh2+ 43. Kg1 Rhb2 44. Rxe7 Rg3+ 45. Kh1 Rf2 46. Re1 Rxg4
0-1

[Event "LLO 2017/18"]
[Site "Mecklenburg-Vorpommern"]
[Date "2017.11.26"]
[Round "3.5"]
[White "Schumann, Lutz"]
[Black "Klugmann, Horst"]
[Result "1/2-1/2"]
[WhiteElo "1748"]
[BlackElo "1631"]
[PlyCount "88"]
[EventDate "2017.??.??"]
[EventType "team-tourn"]
[EventRounds "9"]
[SourceDate "2017.10.08"]
[WhiteTeam "SSC Graal-Mueritz"]
[BlackTeam "Ribnitz-Damgarten"]

1. c4 e6 2. g3 d5 3. Bg2 Nf6 4. Nf3 dxc4 5. Qa4+ Bd7 6. Qxc4 Bc6 7. O-O Nbd7 8.
d3 Be7 9. Bf4 O-O 10. Nc3 Rc8 11. Rfd1 Nb6 12. Qb3 Nfd5 13. Nxd5 Nxd5 14. Bd2
Nb6 15. Qc2 Bf6 16. Bc3 Bxc3 17. Qxc3 Bxf3 18. Bxf3 c6 19. Qa5 Ra8 20. Rac1 Nd5
21. Qd2 Qd6 22. Rc4 Rfd8 23. b4 a6 24. Qb2 Ne7 25. Rg4 Ng6 26. Rg5 Qd4 27. Qb3
Qf6 28. Rc5 Ne5 29. Bg2 Nd7 30. Rc4 Nb6 31. Rf4 Qe7 32. a3 Nd5 33. Rc4 Nb6 34.
Rcc1 Rd6 35. a4 Nd5 36. Rc2 Rdd8 37. Rb1 Qd7 38. h3 Rac8 39. b5 cxb5 40. Rxc8
Rxc8 41. axb5 Nc3 42. bxa6 Nxb1 43. axb7 Rb8 44. Qxb1 Qc7 1/2-1/2

[Event "LLO 2017/18"]
[Site "Mecklenburg-Vorpommern"]
[Date "2017.11.26"]
[Round "3.6"]
[White "Wehrmann, Horst"]
[Black "Perlick, Eberhard"]
[Result "1/2-1/2"]
[WhiteElo "1585"]
[BlackElo "1858"]
[PlyCount "36"]
[EventDate "2017.??.??"]
[EventType "team-tourn"]
[EventRounds "9"]
[SourceDate "2017.10.08"]
[WhiteTeam "Ribnitz-Damgarten"]
[BlackTeam "SSC Graal-Mueritz"]

1. d4 e6 2. c4 f5 3. Nc3 Nf6 4. Nf3 Bb4 5. Bd2 O-O 6. e3 d6 7. a3 Bxc3 8. Bxc3
Qe7 9. Bd3 Nc6 10. O-O e5 11. dxe5 dxe5 12. Bc2 e4 13. Ne1 Be6 14. b3 Rad8 15.
Qe2 Bf7 16. f3 Bg6 17. b4 Rfe8 18. f4 Nb8 1/2-1/2

[Event "LLO 2017/18"]
[Site "Mecklenburg-Vorpommern"]
[Date "2017.11.26"]
[Round "3.7"]
[White "Micheel, Peter"]
[Black "Zierke, Udo"]
[Result "1/2-1/2"]
[WhiteElo "1665"]
[BlackElo "1597"]
[PlyCount "44"]
[EventDate "2017.??.??"]
[EventType "team-tourn"]
[EventRounds "9"]
[SourceDate "2017.10.08"]
[WhiteTeam "SSC Graal-Mueritz"]
[BlackTeam "Ribnitz-Damgarten"]

1. e4 c6 2. d4 d5 3. Nc3 dxe4 4. Nxe4 Bf5 5. Ng3 Bg6 6. h4 h6 7. Nf3 Nd7 8. h5
Bh7 9. Bd3 Bxd3 10. Qxd3 Qc7 11. Qe2 e6 12. Bd2 Ngf6 13. O-O-O O-O-O 14. Ne5
Nxe5 15. dxe5 Nd7 16. Bc3 Be7 17. f4 Qb6 18. Ne4 Nc5 19. Bd4 Nb3+ 20. axb3 Rxd4
21. Rxd4 Qxd4 22. Rd1 Qb6 1/2-1/2

[Event "LLO 2017/18"]
[Site "Mecklenburg-Vorpommern"]
[Date "2017.11.26"]
[Round "3.8"]
[White "Ochei, Victor"]
[Black "Rath, Wolfgang"]
[Result "0-1"]
[WhiteElo "1446"]
[BlackElo "1659"]
[PlyCount "84"]
[EventDate "2017.??.??"]
[EventType "team-tourn"]
[EventRounds "9"]
[SourceDate "2017.10.08"]
[WhiteTeam "Ribnitz-Damgarten"]
[BlackTeam "SSC Graal-Mueritz"]

1. e4 c5 2. Nf3 d6 3. Bc4 Nc6 4. O-O Nf6 5. Re1 Bg4 6. h3 Bh5 7. Nc3 e6 8. Be2
Be7 9. d4 Bxf3 10. Bxf3 Nxd4 11. e5 dxe5 12. Bxb7 Rb8 13. Ba6 Qd6 14. Bd3 O-O
15. Ne4 Nxe4 16. Bxe4 f5 17. Bd3 e4 18. Bc4 Rfd8 19. Kh1 Qe5 20. c3 Nb3 21.
axb3 Rxd1 22. Rxd1 Rb7 23. g3 g5 24. Ra6 Kf7 25. Bxe6+ Qxe6 26. Rxe6 Kxe6 27.
Be3 Ke5 28. c4 Rc7 29. Rd5+ Ke6 30. Kg2 h6 31. f3 Rb7 32. fxe4 fxe4 33. Bxc5
Bxc5 34. Rxc5 Rxb3 35. Rb5 Rxb5 36. cxb5 Kd5 37. Kf2 Kd4 38. Ke2 e3 39. g4 Ke4
40. b3 Kd4 41. Kd1 Kd3 42. Ke1 e2 0-1

[Event "LLO 2017/18"]
[Site "Mecklenburg-Vorpommern"]
[Date "2017.11.26"]
[Round "3.2"]
[White "Hodl, Ingolf"]
[Black "Fechner, Henrik"]
[Result "0-1"]
[WhiteElo "1849"]
[BlackElo "1759"]
[PlyCount "70"]
[EventDate "2017.??.??"]
[EventType "team-tourn"]
[EventRounds "9"]
[SourceDate "2017.10.08"]
[WhiteTeam "SSC Rostock II"]
[BlackTeam "Seehotel Binz"]

1. e4 c6 2. d4 d5 3. Nc3 dxe4 4. Nxe4 Bf5 5. Ng3 Bg6 6. h4 h6 7. h5 Bh7 8. Bd3
Qxd4 9. Be3 Qd8 10. Bxh7 Qxd1+ 11. Rxd1 Rxh7 12. Nf3 Nd7 13. Rh4 Ngf6 14. Ne4
Nd5 15. Bd4 e6 16. a3 Be7 17. Rg4 f5 18. Rg6 fxe4 19. Nd2 e5 20. Be3 Nxe3 21.
fxe3 O-O-O 22. Nxe4 Nf6 23. Rxd8+ Kxd8 24. Ng3 Ke8 25. Nf5 Kf7 26. g4 Nd5 27.
Ke2 Bf6 28. Nd6+ Kf8 29. Ne4 Ke7 30. c4 Nc7 31. Ng3 Ne6 32. Nf5+ Kd7 33. b4 Nf8
34. g5 hxg5 35. Nxg7 Nxg6 0-1

[Event "LLO 2017/18"]
[Site "Mecklenburg-Vorpommern"]
[Date "2017.11.26"]
[Round "3.3"]
[White "Horch, Helmut"]
[Black "Herde, Dittmar"]
[Result "1/2-1/2"]
[WhiteElo "1733"]
[BlackElo "1803"]
[PlyCount "36"]
[EventDate "2017.??.??"]
[EventType "team-tourn"]
[EventRounds "9"]
[SourceDate "2017.10.08"]
[WhiteTeam "Seehotel Binz"]
[BlackTeam "SSC Rostock II"]

1. d4 d5 2. Nf3 Nf6 3. e3 Bg4 4. Be2 e6 5. Nbd2 Bd6 6. O-O Nbd7 7. c4 c6 8. b3
O-O 9. Bb2 Qb8 10. h3 Bh5 11. Nh4 Bxe2 12. Qxe2 e5 13. Nf5 exd4 14. Bxd4 Re8
15. cxd5 cxd5 16. Rac1 Be5 17. Nf3 Bxd4 18. N3xd4 g6 1/2-1/2

[Event "LLO 2017/18"]
[Site "Mecklenburg-Vorpommern"]
[Date "2017.11.26"]
[Round "3.5"]
[White "Schleef, Roberto"]
[Black "Hochgraefe, Hans Juergen"]
[Result "0-1"]
[WhiteElo "1604"]
[BlackElo "1759"]
[PlyCount "70"]
[EventDate "2017.??.??"]
[EventType "team-tourn"]
[EventRounds "9"]
[SourceDate "2017.10.08"]
[WhiteTeam "Seehotel Binz"]
[BlackTeam "SSC Rostock II"]

1. d4 Nf6 2. c4 e6 3. Nc3 Bb4 4. Bg5 h6 5. Bh4 c6 6. Qc2 d5 7. e3 Nbd7 8. f3
Qa5 9. a3 dxc4 10. Bxc4 Nb6 11. Bxf6 gxf6 12. Ba2 Bxc3+ 13. Qxc3 Qxc3+ 14. bxc3
f5 15. f4 Ke7 16. Nf3 Rg8 17. Kf2 Nd7 18. Rhe1 Nf6 19. Bb1 b6 20. Bd3 Bb7 21.
g3 Rac8 22. a4 c5 23. a5 Ng4+ 24. Kg2 Nxh2 25. Kxh2 Bxf3 26. axb6 axb6 27. Ra7+
Kf6 28. Be2 Bxe2 29. Rxe2 cxd4 30. cxd4 Rc3 31. Kg2 Rgc8 32. Raa2 Rb3 33. Rab2
Rcc3 34. Kf2 b5 35. Kf3 Rxe3+ 0-1

[Event "LLO 2017/18"]
[Site "Mecklenburg-Vorpommern"]
[Date "2017.11.26"]
[Round "3.6"]
[White "Wurst, Maximilian"]
[Black "Rosenbusch, Robert Mario"]
[Result "1/2-1/2"]
[WhiteElo "1680"]
[BlackElo "1729"]
[PlyCount "30"]
[EventDate "2017.??.??"]
[EventType "team-tourn"]
[EventRounds "9"]
[SourceDate "2017.10.08"]
[WhiteTeam "SSC Rostock II"]
[BlackTeam "Seehotel Binz"]

1. e4 Nf6 2. Nc3 d5 3. e5 d4 4. exf6 dxc3 5. fxg7 cxd2+ 6. Qxd2 Qxd2+ 7. Bxd2
Bxg7 8. O-O-O Bd7 9. Nf3 Nc6 10. Bc4 Ne5 11. Nxe5 Bxe5 12. Bh6 Rg8 13. g3 Bc6
14. Rhe1 Bf3 15. Bd5 Bxd5 1/2-1/2

[Event "LLO 2017/18"]
[Site "Mecklenburg-Vorpommern"]
[Date "2017.11.26"]
[Round "3.7"]
[White "Ilanz, Kazimierz"]
[Black "Wegner, Michael"]
[Result "0-1"]
[WhiteElo "1614"]
[BlackElo "1627"]
[PlyCount "54"]
[EventDate "2017.??.??"]
[EventType "team-tourn"]
[EventRounds "9"]
[SourceDate "2017.10.08"]
[WhiteTeam "Seehotel Binz"]
[BlackTeam "SSC Rostock II"]

1. e4 c5 2. Nf3 Nc6 3. d4 cxd4 4. Nxd4 Nf6 5. Nc3 Qb6 6. Ndb5 a6 7. Be3 Qa5 8.
Nd4 Nxe4 9. Nxc6 bxc6 10. Bd2 Nxd2 11. Qxd2 Rb8 12. Rb1 e6 13. a3 Be7 14. Ne4
Qe5 15. Bd3 Rxb2 16. O-O Bxa3 17. f4 Qd4+ 18. Kh1 d5 19. Ng5 Bb4 20. Qd1 Rxb1
21. Qxb1 h6 22. Nh3 a5 23. Ng1 Bd7 24. Qd1 c5 25. Ne2 Qb2 26. Ng3 c4 27. Be2
Ba4 0-1

[Event "LLO 2017/18"]
[Site "Mecklenburg-Vorpommern"]
[Date "2017.11.26"]
[Round "3.8"]
[White "Krautschick, Clemens"]
[Black "Gaedt, Mario"]
[Result "1-0"]
[WhiteElo "1831"]
[BlackElo "1271"]
[PlyCount "67"]
[EventDate "2017.??.??"]
[EventType "team-tourn"]
[EventRounds "9"]
[SourceDate "2017.10.08"]
[WhiteTeam "SSC Rostock II"]
[BlackTeam "Seehotel Binz"]

1. e4 c5 2. d3 d6 3. g3 e6 4. Bg2 Be7 5. Nf3 Nf6 6. O-O O-O 7. e5 Nfd7 8. exd6
Bxd6 9. Ng5 Nf6 10. Nc3 a6 11. Re1 Nc6 12. Be3 Qc7 13. Nce4 Nd7 14. Qh5 h6 15.
Nxd6 Nf6 16. Qe2 Qxd6 17. Ne4 Nxe4 18. dxe4 b6 19. e5 Qc7 20. c3 Bb7 21. f4 Ne7
22. Bxb7 Qxb7 23. Bf2 Kh8 24. g4 Ng8 25. Rf1 Rad8 26. Bh4 Rd7 27. f5 exf5 28.
gxf5 Re8 29. Rad1 Rd5 30. e6 Rxd1 31. Rxd1 fxe6 32. fxe6 Qc8 33. Rd7 Qc6 34.
Qe5 1-0

[Event "LLO 2017/18"]
[Site "Mecklenburg-Vorpommern"]
[Date "2017.12.10"]
[Round "4.1"]
[White "Alder, Bodo"]
[Black "Janisch, Harald"]
[Result "1/2-1/2"]
[WhiteElo "1844"]
[BlackElo "1545"]
[PlyCount "67"]
[EventDate "2017.??.??"]
[EventType "team-tourn"]
[EventRounds "9"]
[SourceDate "2017.10.08"]
[WhiteTeam "Seehotel Binz"]
[BlackTeam "SG Guestrow/Teterow II"]

1. e4 e5 2. Nf3 Nc6 3. Nc3 Nf6 4. Be2 d5 5. exd5 Nxd5 6. d3 Bb4 7. Bd2 O-O 8.
O-O Bc5 9. Ne4 Bb6 10. a3 a5 11. c4 Nf6 12. Bg5 Bd4 13. Qc2 Bf5 14. Rad1 Re8
15. Rfe1 Bxe4 16. dxe4 Qd6 17. Be3 Rad8 18. Bxd4 Nxd4 19. Nxd4 exd4 20. Bd3 c5
21. Qe2 Qf4 22. g3 Qh6 23. Kg2 Re5 24. f4 Rh5 25. h4 Nd7 26. Qf3 f6 27. e5 fxe5
28. Qd5+ Kf8 29. fxe5 Ke7 30. Qxb7 Qe6 31. Qf3 Rxe5 32. Bf5 Qf6 33. Re4 Kd6 34.
Rf1 1/2-1/2